Exposición de Hierros Artísticos / Gremio de Cerrajeros y Herreros de Barcelona, Servicio Sindical de la Unión Industrial Metalúrgica, CNS
Descripción Física:
1 díptic ; 16 cm
Materias:
Ferro -- Exposicions
MARC
| LEADER | 00000nam a2200000Ia 4500 | ||
|---|---|---|---|
| 001 | 22566 | ||
| 003 | BGR | ||
| 005 | 20260410113636.0 | ||
| 008 | 160829s1940 xx 000 0 cat d | ||
| 080 | |a FU-56-19 | ||
| 110 | 2 | |a Gremio de Cerrajeros y Herreros de Barcelona |9 71021 | |
| 245 | |a Exposición de Hierros Artísticos / Gremio de Cerrajeros y Herreros de Barcelona, Servicio Sindical de la Unión Industrial Metalúrgica, CNS | ||
| 260 | |a Barcelona : |b Imp. Altés, |c 1940 | ||
| 300 | |a 1 díptic ; |c 16 cm | ||
| 590 | |a Exposició celebrada de l'1 al 15 de desembre de 1940. | ||
| 590 | |a Prové de Q-444, exp. 98 | ||
| 650 | |a Ferro |x Exposicions |9 47501 | ||
| 856 | 4 | |u https://media.diba.cat/diba/fitxers/arxiu/fulletons/bib_22566_1940_baixa.pdf |y Accés lliure | |
| 856 | 4 | |u https://media.diba.cat/diba/fitxers/arxiu/fulletons/bib_22566_1940_baixa.pdf |y Accés lliure | |
| 900 | |a bib_22566_1940_baixa.pdf | ||
| 901 | |a Arxiu | ||
| 942 | |n 1 |2 udc |c MON | ||
| 952 | |0 0 |1 0 |4 0 |6 FU5619 |7 1 |9 53921 |a Arxiu |b Arxiu |d 2016-12-01 |l 0 |o FU-56-19 |p 22566 |r 2016-12-01 00:00:00 |w 2016-12-01 |y ARXIU | ||
| 999 | |c 57788 |d 57788 | ||